| 000 | 00509nam a22001457a 4500 | ||
|---|---|---|---|
| 082 |
_a355.4 _bMUH _cL-30-II, P-140 |
||
| 245 |
_aدفاع اور جنگی تیاری کا اسلامی تصوّر _cکپٹن محمد شمس الرّحمان |
||
| 260 |
_aGHQ. _bArmy Education Press _cc1988. |
||
| 300 |
_a80 p. _bills. _c22 cm. |
||
| 526 |
_a0 _b0 _c0 _d355_400000000000000_MUH |
||
| 526 |
_a0 _b0 _c0 _d355_400000000000000_MUH |
||
| 526 |
_a0 _b0 _c0 _d355_400000000000000_MUH |
||
| 650 |
_aMCE. _9379 |
||
| 942 |
_2ddc _cBK |
||
| 999 |
_c551692 _d551692 |
||